| 000 | 01473nam a2200325 a 4500 | ||
|---|---|---|---|
| 999 |
_c449570 _d449570 |
||
| 003 | BLK | ||
| 005 | 20231219114428.0 | ||
| 008 | 220318b bu |||||r|||| 00| | bu d | ||
| 020 | _a9786197536799 | ||
| 040 | _aBLK | ||
| 041 |
_aBUL _cBUL |
||
| 080 |
_aЦивилизация. Култура. Прогрес. История на културата вж 930.85 _b008 _x(497.234)(092) _z008(497.234)(092) |
||
| 080 |
_aБългарски културен деец - Начо Културата _b929 Кръстев, Атанас Василев _z929 Кръстев, Атанас Василев |
||
| 080 |
_aКраезнание _b908 _z908(497.234) |
||
| 100 |
_aБаев, Антон Христов _9258260 |
||
| 139 |
_aБаев, Антон Христов _bБ 13 |
||
| 245 |
_aНачо on my mind _cАнтон Баев ; следговор Вежди Рашидов |
||
| 260 |
_9213788 _aПловдив _bКоала прес _c2021 _fВ. Търново : Абагар |
||
| 300 |
_a96 с. _c17 см |
||
| 380 | _a0 | ||
| 500 | _aБиогр. данни за авт. отбелязани на гърба на кор. | ||
| 650 | 0 |
_9285791 _aКултура - Пловдив |
|
| 651 | 7 |
_9179377 _aПловдив |
|
| 700 |
_9958 _aРашидов, Вежди Летифов _eпослесл. |
||
| 852 |
_aЦб І 41017 _bЦб |
||
| 942 |
_cKNG _n0 _s1 _01 |
||
| 944 |
_aCR _c2022-03-18 _k30560 _lГеновева Генчева |
||
| 999 | _d449570 | ||
| 999 | _d449570 | ||